Marketing moves : (Record no. 344671)

000 -LEADER
fixed length control field 02768 a2200217 4500
020 ## - INTERNATIONAL STANDARD BOOK NUMBER
International Standard Book Number 1578516005
020 ## - INTERNATIONAL STANDARD BOOK NUMBER
International Standard Book Number 9781578516001
082 04 - DEWEY DECIMAL CLASSIFICATION NUMBER
Classification number 658.8
090 ## - LOCALLY ASSIGNED LC-TYPE CALL NUMBER (OCLC); LOCAL CALL NUMBER (RLIN)
-- 2169
-- 2169
100 1# - MAIN ENTRY--PERSONAL NAME
Personal name Kotler, Philip.
245 10 - TITLE STATEMENT
Title Marketing moves :
Remainder of title a new approach to profits, growth, and renewal /
Statement of responsibility, etc. Philip Kotler.
260 ## - PUBLICATION, DISTRIBUTION, ETC.
Place of publication, distribution, etc. [S.l.] :
Name of publisher, distributor, etc. Harvard Business Press,
Date of publication, distribution, etc. 2001.
300 ## - PHYSICAL DESCRIPTION
Extent 193 p. ;
Dimensions 24 cm.
500 ## - GENERAL NOTE
General note Hardcover.
520 ## - SUMMARY, ETC.
Summary, etc. The Internet, globalization, and hypercompetition are dramatically reshaping markets and changing the way business is done. The problem, says internationally renowned marketer Philip Kotler and his coauthors Dipak C. Jain and Suvit Maesincee, is that marketing has not kept pace with the markets. In today's world, customers are scarce-not products-and classic marketing needs to be deconstructed, redefined, and broadened to reflect this new reality. Marketing Moves describes the next transformational imperative for marketing-and for any organization competing in our customer-ruled, technology-driven marketplace. It calls for a fundamental rethinking of corporate strategy to enable the ongoing creation and delivery of superior value for customers in both the marketplace and the marketspace. And it appoints marketing as the lead driver in shaping and implementing this new strategy. The means for accomplishing this lies in a radically new marketing paradigm the authors call holistic marketing -a dynamic concept derived from the electronic connectivity and interactivity among companies, customers, and collaborators. This new paradigm combines the best of traditional marketing with new digital capabilities to build long-term, mutually satisfying relationships and co-prosperity among all key stakeholders. Outlining a framework for implementing holistic marketing that calls for integrating customer demand management, internal and external resource allocation, and network collaboration-the authors show how holistic marketing can enable companies to: - Identify new value opportunities for renewing their markets - Efficiently create the most promising new value offerings - Deliver products, services, and experiences that more precisely match individual customer requirements - Consistently operate at the highest level of product quality, service, and speed Thought-provoking and practical, Marketing Moves shows how to build a complete marketing platform primed for the challenges and opportunities of a customer-centric world.
700 1# - ADDED ENTRY--PERSONAL NAME
Personal name Jain, Dipak C.
700 1# - ADDED ENTRY--PERSONAL NAME
Personal name Maesincee, Suvit.
856 40 - ELECTRONIC LOCATION AND ACCESS
Materials specified Amazon.com
Uniform Resource Identifier <a href="http://www.amazon.com/exec/obidos/ASIN/1578516005/chopaconline-20">http://www.amazon.com/exec/obidos/ASIN/1578516005/chopaconline-20</a>
856 40 - ELECTRONIC LOCATION AND ACCESS
Materials specified Amazon customer reviews
Uniform Resource Identifier <a href="http://www.chopac.org/cgi-bin/tools/azrev.pl?q=1578516005">http://www.chopac.org/cgi-bin/tools/azrev.pl?q=1578516005</a>
942 ## - ADDED ENTRY ELEMENTS (KOHA)
Institution code [OBSOLETE] NBS
Koha item type Book
Call number prefix 658.8 KOT
Holdings
Withdrawn status Lost status Damaged status Not for loan Permanent Location Current Location Date acquired Total Checkouts Full call number Barcode Date last seen Price effective from Koha item type
        Central Library (CL) Central Library (CL) 08/28/2013   658.8 KOT NBS5890 08/28/2013 08/28/2013 Book
© 2023 Central Library, National University of Sciences and Technology. All Rights Reserved.